Petrovské noviny

Bibliographic Details
Other Authors: Dudášová, Anna (Publishing director)
Format: Journal
Language:Slovak
PhysicalDescription:zv. ilustr. 29 cm
Published: Báčsky Petrovec Rada miestneho spoločenstva Petrovec 2003-
ISSN:1451-7221
Subjects:

MARC

LEADER 00000nas a2200000 a 4500
001 vtls009003013
003 SK-MaSNL
005 20260228164142.0
008 080429c20039999yu sr p 0 b0slo c
022 |a 1451-7221  |y 1451-221 
040 |a SNK  |b slo  |c SNK  |e AACR2 
041 0 |a slo 
043 |a e-yu--- 
044 |a yu  |c YU 
080 |a 050  |2 2001 
080 |a 908(497.113)  |2 2001 
080 |a (=162.4)  |2 2001 
080 |a 32.019.5  |2 2001 
080 |a 394  |2 2001 
245 0 0 |a Petrovské noviny 
260 |a Báčsky Petrovec  |b Rada miestneho spoločenstva Petrovec  |c 2003- 
300 |a zv.  |b ilustr.  |c 29 cm 
310 |a 24x ročne 
362 0 |a Roč. 1, č. 0 (13. marca 2003)- 
500 |a Šéfredaktorka: 2003- , Anna Dudášová 
500 |a Od roč. 2, č. 41 (25. nov. 2004) podnázov v tir.: informátor Rady Miestneho spoločenstva Petrovec 
515 |a Priebežné číslovanie 
650 0 7 |a Slováci v zahraničí  |2 SNKPH  |9 14695 
651 7 |a Petrovec (Srbsko)  |2 SNKPH  |9 175238 
655 7 |a miestne časopisy  |2 SNKPH  |9 268091 
655 7 |a krajanské periodiká  |2 SNKPH  |9 110004 
700 1 |a Dudášová, Anna  |4 pbd  |9 275388 
910 |a snk 
999 |c 12440  |d 14370 
952 |0 0  |1 0  |4 0  |7 0  |8 2  |a SNK  |b SNK  |d 2011-05-25  |i snk2011/12164  |l 0  |o snkČSB 5631/6/2008  |p 17A0679433  |r 2026-02-21 19:57:28  |t č. 118-142  |w 2026-02-21  |y PREZ 
952 |0 0  |1 0  |4 0  |7 0  |8 2  |a SNK  |b SNK  |d 2012-03-15  |i snk2012/6370  |l 0  |o snkČSB 5631/7/2009  |p 17A0719265  |r 2026-02-21 20:17:42  |t č. 143-166  |w 2026-02-21  |y PREZ 
952 |0 0  |1 0  |4 0  |7 0  |8 2  |a SNK  |b SNK  |d 2008-05-30  |i snk2008/11569  |l 0  |o snkČSB 5631/1/2003  |p 17A0582991  |r 2026-02-21 20:21:51  |t č. 0-19  |w 2026-02-21  |y PREZ 
952 |0 0  |1 0  |4 0  |7 0  |8 2  |a SNK  |b SNK  |d 2014-10-16  |i snk2014/21990  |l 0  |o snkČSB 5631/5/2007 D1  |p 17A0870322  |r 2026-02-21 21:11:34  |t č. 97, neúpl.  |w 2026-02-21  |y PREZ  |z chýba č. 93-96, 98-117 
952 |0 0  |1 0  |4 0  |7 0  |8 2  |a SNK  |b SNK  |d 2008-05-30  |i snk2008/11570  |l 0  |o snkČSB 5631/2/2004  |p 17A0582992  |r 2026-02-21 21:22:56  |t č. [20]-43  |w 2026-02-21  |y PREZ 
952 |0 0  |1 0  |4 0  |7 0  |8 2  |a SNK  |b SNK  |d 2008-05-30  |i snk2008/11571  |l 0  |o snkČSB 5631/3/2005  |p 17A0582993  |r 2026-02-21 21:22:56  |t č. 44-67  |w 2026-02-21  |y PREZ 
952 |0 0  |1 0  |4 0  |7 0  |8 2  |a SNK  |b SNK  |d 2008-05-30  |i snk2008/11572  |l 0  |o snkČSB 5631/4/2006  |p 17A0582994  |r 2026-02-21 21:22:56  |t č. 68-92  |w 2026-02-21  |y PREZ 
952 |0 0  |1 0  |3 Chýba č. 106-114  |4 0  |7 0  |8 2  |a SNK  |b SNK  |d 2009-12-01  |i snk2009/21578  |l 0  |o snkČSB 5631/5/2007  |p 17A0609849  |r 2026-02-21 21:41:44  |t sú č. 93-105, 115-117, neúplné  |w 2026-02-21  |y PREZ  |z Chýba č. 106-114 
952 |0 0  |1 0  |4 0  |7 0  |8 2  |a SNK  |b SNK  |d 2016-10-18  |i snk2016/24495  |l 0  |o snkČSB 5631/12/2014  |p 17A1202105  |r 2026-02-21 22:10:27  |t len č. 241, neúplné  |w 2026-02-21  |y PREZ 
952 |0 0  |1 0  |4 0  |7 0  |8 1  |a SNK  |b SNK  |d 2016-04-21  |i snk2016/10271  |l 0  |o snkČSB 5631/8/2010  |p 17A1099094  |r 2026-02-21 22:16:30  |t č. 167-190, neúplné  |w 2026-02-21  |y PREZ  |z chýba č. 183-190